00417nam a2200109Ia 4500008004000000082001800040100002700058245007300085260009600158300001200254650004100266210210b1999 xxu||||| |||| 00| 0 eng d a398.092K PERS aPERLA YAS KRASHNABHAT. aSahasra Chandra Shri Sheni Gopalakrishna Bhatta abhinandana grantha. aSuratkal.bShri Sheni Gopalakrashna Bhatta Sahasrachandra Darshana Abhinandana Samitic1999 axii,258 aSheni Himmela Partisubba arthagarike